Choices : elementary workbook /

Guardado en:
Autor Principal: Fricker, Rod
Formato: Libro
Publicado: Londres : Pearson, 2013
Materias:
Etiquetas: Agregar Etiqueta
Sin Etiquetas, Sea el primero en etiquetar este registro!
LEADER 00485nam a22001815a 4500
001 CEM.cems014816
005 20171027143733.0
008 130507s2013##################000#0#####d
003 CEMS
020 |a 9781447901655 
082 0 4 |a 428.64 
100 1 |a Fricker, Rod 
245 1 0 |a Choices :  |b elementary workbook /  |c Rod Fricker 
260 |a Londres :  |b Pearson,  |c 2013 
300 |a 119 p. 
653 |a Inglés 
653 |a Texto 
859 |a CEMS  |b BIB. CEMS - 11 de abril  |h 428.64  |i H242-6  |p 27402.17  |t Ej.1